UM Logo

Smart continues to deploy digitized healthcare. (Record no. 10544)

MARC details
000 -LEADER
fixed length control field 00326nam a2200109 4500
008 - FIXED-LENGTH DATA ELEMENTS--GENERAL INFORMATION
fixed length control field 180905b ||||| |||| 00| 0 eng d
245 ## - TITLE STATEMENT
Title Smart continues to deploy digitized healthcare.
260 ## - PUBLICATION, DISTRIBUTION, ETC. (IMPRINT)
Place of publication, distribution, etc. Philippines
Name of publisher, distributor, etc. The Philippine Star
Date of publication, distribution, etc. c2017
300 ## - PHYSICAL DESCRIPTION
Extent page B11.
650 #0 - SUBJECT ADDED ENTRY--TOPICAL TERM
9 (RLIN) 30916
Topical term or geographic name as entry element Information technology.
942 ## - ADDED ENTRY ELEMENTS (KOHA)
Source of classification or shelving scheme Dewey Decimal Classification
Koha item type Periodicals
Holdings
Withdrawn status Lost status Source of classification or shelving scheme Damaged status Not for loan Collection code Home library Current library Date acquired Total Checkouts Date last seen Price effective from Koha item type Public note
    Dewey Decimal Classification     Periodicals UM Digos College - LIC UM Digos College - LIC 09/05/2018   09/05/2018 09/05/2018 Periodicals Newspaper Clippings